|
|
|
|
| LEADER |
03653nam a2200577 4500 |
| 001 |
978-981-10-8168-2 |
| 003 |
DE-He213 |
| 005 |
20191026162707.0 |
| 007 |
cr nn 008mamaa |
| 008 |
180327s2018 si | s |||| 0|eng d |
| 020 |
|
|
|a 9789811081682
|9 978-981-10-8168-2
|
| 024 |
7 |
|
|a 10.1007/978-981-10-8168-2
|2 doi
|
| 040 |
|
|
|d GrThAP
|
| 050 |
|
4 |
|a QA276-280
|
| 072 |
|
7 |
|a PBT
|2 bicssc
|
| 072 |
|
7 |
|a MAT029000
|2 bisacsh
|
| 072 |
|
7 |
|a PBT
|2 thema
|
| 082 |
0 |
4 |
|a 519.5
|2 23
|
| 245 |
1 |
0 |
|a Proceedings of the Pacific Rim Statistical Conference for Production Engineering
|h [electronic resource] :
|b Big Data, Production Engineering and Statistics /
|c edited by Dongseok Choi, Daeheung Jang, Tze Leung Lai, Youngjo Lee, Ying Lu, Jun Ni, Peter Qian, Peihua Qiu, George Tiao.
|
| 250 |
|
|
|a 1st ed. 2018.
|
| 264 |
|
1 |
|a Singapore :
|b Springer Singapore :
|b Imprint: Springer,
|c 2018.
|
| 300 |
|
|
|a VIII, 170 p. 36 illus., 29 illus. in color.
|b online resource.
|
| 336 |
|
|
|a text
|b txt
|2 rdacontent
|
| 337 |
|
|
|a computer
|b c
|2 rdamedia
|
| 338 |
|
|
|a online resource
|b cr
|2 rdacarrier
|
| 347 |
|
|
|a text file
|b PDF
|2 rda
|
| 490 |
1 |
|
|a ICSA Book Series in Statistics,
|x 2199-0980
|
| 505 |
0 |
|
|a Section 1: Design and Collection of Big Data -- Section 2: Analytic Methods of Big Data -- Section 3: Operation/Production Decision Making -- Section 4 Reliability and Health Management.-Section 5: Statistical Theories Related with the Big Data -- Section 6: Recent Advances in Statistical Methods -- Section 7: Development of Statistical Software for the Big Data -- Section 8: Big Data and Its Application to Industry -- Section 9: Big Data and Its Application to Industry.
|
| 520 |
|
|
|a This book presents the proceedings of the 2nd Pacific Rim Statistical Conference for Production Engineering: Production Engineering, Big Data and Statistics, which took place at Seoul National University in Seoul, Korea in December, 2016. The papers included discuss a wide range of statistical challenges, methods and applications for big data in production engineering, and introduce recent advances in relevant statistical methods.
|
| 650 |
|
0 |
|a Statistics .
|
| 650 |
|
0 |
|a Big data.
|
| 650 |
1 |
4 |
|a Statistics for Engineering, Physics, Computer Science, Chemistry and Earth Sciences.
|0 http://scigraph.springernature.com/things/product-market-codes/S17020
|
| 650 |
2 |
4 |
|a Big Data/Analytics.
|0 http://scigraph.springernature.com/things/product-market-codes/522070
|
| 700 |
1 |
|
|a Choi, Dongseok.
|e editor.
|4 edt
|4 http://id.loc.gov/vocabulary/relators/edt
|
| 700 |
1 |
|
|a Jang, Daeheung.
|e editor.
|4 edt
|4 http://id.loc.gov/vocabulary/relators/edt
|
| 700 |
1 |
|
|a Lai, Tze Leung.
|e editor.
|4 edt
|4 http://id.loc.gov/vocabulary/relators/edt
|
| 700 |
1 |
|
|a Lee, Youngjo.
|e editor.
|4 edt
|4 http://id.loc.gov/vocabulary/relators/edt
|
| 700 |
1 |
|
|a Lu, Ying.
|e editor.
|4 edt
|4 http://id.loc.gov/vocabulary/relators/edt
|
| 700 |
1 |
|
|a Ni, Jun.
|e editor.
|4 edt
|4 http://id.loc.gov/vocabulary/relators/edt
|
| 700 |
1 |
|
|a Qian, Peter.
|e editor.
|4 edt
|4 http://id.loc.gov/vocabulary/relators/edt
|
| 700 |
1 |
|
|a Qiu, Peihua.
|e editor.
|4 edt
|4 http://id.loc.gov/vocabulary/relators/edt
|
| 700 |
1 |
|
|a Tiao, George.
|e editor.
|4 edt
|4 http://id.loc.gov/vocabulary/relators/edt
|
| 710 |
2 |
|
|a SpringerLink (Online service)
|
| 773 |
0 |
|
|t Springer eBooks
|
| 776 |
0 |
8 |
|i Printed edition:
|z 9789811081675
|
| 776 |
0 |
8 |
|i Printed edition:
|z 9789811081699
|
| 776 |
0 |
8 |
|i Printed edition:
|z 9789811340840
|
| 830 |
|
0 |
|a ICSA Book Series in Statistics,
|x 2199-0980
|
| 856 |
4 |
0 |
|u https://doi.org/10.1007/978-981-10-8168-2
|z Full Text via HEAL-Link
|
| 912 |
|
|
|a ZDB-2-SMA
|
| 950 |
|
|
|a Mathematics and Statistics (Springer-11649)
|